| 000 | 00931nam0a22002531 4500 | ||
|---|---|---|---|
| 001 | rc\2613630 | ||
| 005 | 20260406072053.0 | ||
| 035 | _a(NLR Aleph) 006777446 | ||
| 090 |
_a6008722 _c6008722 |
||
| 100 | _a20110914d1930 |||y0rusy50 ca | ||
| 101 | 0 | _arus | |
| 102 | _aRU | ||
| 105 | _ay z |||a| | ||
| 200 | 1 |
_aРобеспьер _eСоц. трагедия в 4 действ. и 6 карт. _fФ. Раскольников |
|
| 210 |
_a[Москва] _cавтор _d1930 _g14 тип. "Мосполиграф" |
||
| 215 |
_a54 с. _d25х18 см. |
||
| 300 | _aОтт. из журн. "Красная новь". 1930, № 1 | ||
| 700 | 1 |
_aРаскольников _bФ. Ф. _cреволюционер, гос. деятель _f1892-1939 _gФёдор Фёдорович _3RU\NLR\AUTH\770127969 _9127943 |
|
| 801 | 0 |
_aRU _bNLR _gpsbo |
|
| 801 | 1 |
_aRU _bELAR _2rusmarc |
|
| 852 |
_aNLR _j30.12/332 |
||
| 942 | _cBOOK | ||
| 980 | _aNB | ||